000
00246nam a2200097Ia 4500
001
777236
005
20250826165903.0
008
250824s9999 xx 000 0 und d
245
0
_a
GÜNEŞE DÖN YÜZÜNÜ
_c
AYŞE KULİN
260
_b
EVEREST YAYINLARI
999
_c
777236
_d
777236